Economic resurgence in ASEAN : (Record no. 1430798)

MARC details
000 -LEADER
fixed length control field 00582nam a2200181Ia 4500
005 - DATE AND TIME OF LATEST TRANSACTION
control field 20250619164253.0
008 - FIXED-LENGTH DATA ELEMENTS--GENERAL INFORMATION
fixed length control field 008 250516s9999 xx 000 0 eng d
020 ## - INTERNATIONAL STANDARD BOOK NUMBER
International Standard Book Number 9783031534096
040 ## - CATALOGING SOURCE
Language of cataloging eng
Transcribing agency SDCL
041 ## - LANGUAGE CODE
Language code of text/sound track or separate title eng
Source of code eng
084 ## - COLON CLASSIFICATION NUMBER
Classification number X:(G:55)'P R4
245 #0 - TITLE STATEMENT
Title Economic resurgence in ASEAN :
Remainder of title Navigating convergence, innovation, and trade for enhanced productivity
260 ## - PUBLICATION, DISTRIBUTION, ETC.
Place of publication, distribution, etc. Switzerland :
Name of publisher, distributor, etc. Palgrave Macmillan,
Date of publication, distribution, etc. 2024.
300 ## - PHYSICAL DESCRIPTION
Extent xii, 172p.
650 ## - SUBJECT ADDED ENTRY--TOPICAL TERM
Topical term or geographic name entry element Business Economics and Finance
700 ## - ADDED ENTRY--PERSONAL NAME
Personal name Hastiadi, Fithra Faisal
942 ## - ADDED ENTRY ELEMENTS (KOHA)
Koha item type Textual
Source of classification or shelving scheme Colon Classification (CC)
700 ## - ADDED ENTRY--PERSONAL NAME
-- 813471
999 ## -
-- 1430798
-- 1430798
Holdings
Withdrawn status Lost status Source of classification or shelving scheme Damaged status Not for loan Home library Current library Date acquired Source of acquisition Inventory number Total checkouts Full call number Barcode Date last seen Price effective from Koha item type
    Colon Classification (CC)     South Campus Library South Campus Library 2025-05-22 Classic Book Service 247, 06/02/2025   X:(G:55)'P R4 SC1691120 2025-05-22 2025-05-22 Textual
Copyright @ Delhi University Library System